[Event "Summer Leisure 2010: 1400-2000"]
[Site "SchemingMind.com"]
[Date "2010.08.06"]
[Round "-"]
[White "Eden"]
[Black "Ulf.Johanssen"]
[Result "0-1"]
[WhiteCountry "CZE"]
[BlackCountry "USA"]
[WhiteElo "1548"]
[WhiteRD "78"]
[BlackElo "1509"]
[BlackRD "107"]
[GameID "256778"]

1. e4 e5 2. c4 Bc5 3. Nf3 Nc6 4. a3 d6 5. h3 Nf6 6. b4 Bb6 7. Bb2 Nxe4 8. d4 exd4 9. Bxd4 Nxd4 10. Nxd4 Qe7
11. Be2 Qf6 12. f3 Qh4+ 13. g3 Qxg3+ 14. Kf1 Qf2#
0-1

[Event "Summer Leisure 2010: 1400-2000"]
[Site "SchemingMind.com"]
[Date "2010.08.07"]
[Round "-"]
[White "Eden"]
[Black "Darnell"]
[Result "1-0"]
[WhiteCountry "CZE"]
[BlackCountry "CAN"]
[WhiteElo "1541"]
[WhiteRD "76"]
[BlackElo "1313"]
[BlackRD "68"]
[GameID "256779"]

1. c4 Nf6 2. d4 c5 3. e3 e6 4. g3 b5 5. Qf3 Nc6 6. d5 Ne5 7. Qd1 bxc4 8. Bg2 Bb7 9. Nc3 Be7 10. b3 cxb3
11. Qxb3 Qb6 12. e4 Nd3+ 13. Ke2 Nxc1+ 14. Rxc1 d6 15. dxe6 Qxb3 16. axb3 fxe6 17. Nh3 a5 18. f4 O-O 19. Ng5
1-0

[Event "Summer Leisure 2010: 1400-2000"]
[Site "SchemingMind.com"]
[Date "2010.08.06"]
[Round "-"]
[White "Ulf.Johanssen"]
[Black "Eden"]
[Result "1-0"]
[WhiteCountry "USA"]
[BlackCountry "CZE"]
[WhiteElo "1597"]
[WhiteRD "101"]
[BlackElo "1541"]
[BlackRD "76"]
[GameID "256780"]

1. d4 d5 2. c4 e6 3. Nf3 c6 4. Nc3 h6 5. cxd5 exd5 6. Bf4 Bd6 7. Bxd6 Qxd6 8. Qc2 g6 9. e4 Qe6 10. e5 g5
11. Bd3 Nd7 12. Bf5 Qe7 13. O-O f6 14. Rfe1 Kf8 15. exf6 Qxf6 16. Re6 Qd8 17. Rg6 Ne7 18. Rd6 a6 19. Bxd7 Qc7 20. Rf6+ Kg7
21. Ne5 Kxf6 22. Nxd5+ Nxd5 23. Qg6+ Ke7 24. Qe6+ Kd8 25. Nf7#
1-0

[Event "Summer Leisure 2010: 1400-2000"]
[Site "SchemingMind.com"]
[Date "2010.08.07"]
[Round "-"]
[White "Darnell"]
[Black "Eden"]
[Result "0-1"]
[WhiteCountry "CAN"]
[BlackCountry "CZE"]
[WhiteElo "1292"]
[WhiteRD "66"]
[BlackElo "1530"]
[BlackRD "73"]
[GameID "256781"]

1. e4 e5 2. Nf3 b6 3. Bc4 f6 4. Nh4 Ne7 5. Nc3 a6 6. a4 d6 7. O-O Nbc6 8. d3 h5 9. f4 exf4 10. Nd5 Bg4
11. Qe1 Nd4
0-1

[Event "Summer Leisure 2010: 1400-2000"]
[Site "SchemingMind.com"]
[Date "2010.08.06"]
[Round "-"]
[White "PeterLiberty"]
[Black "Ulf.Johanssen"]
[Result "1-0"]
[WhiteCountry "USA"]
[BlackCountry "USA"]
[WhiteElo "1513"]
[WhiteRD "67"]
[BlackElo "1478"]
[BlackRD "97"]
[GameID "256813"]

1. e4 e5 2. Nf3 Nc6 3. Bb5 a6 4. Ba4 Nf6 5. O-O Be7 6. Re1 b5 7. Bb3 d6 8. c3 O-O 9. h3 Na5 10. Bc2 c5
11. d4 Qc7 12. Nbd2 Bd7 13. Nf1 Nc4 14. b3 Nb6 15. Ne3 c4 16. Bb2 Rfe8 17. Qe2 Bf8 18. dxe5 dxe5 19. Ng5 Rad8 20. Rad1 h6
21. Nf3 Nh5 22. g3 Bxh3 23. Rxd8 Rxd8 24. Kh2 Bc8 25. Nd2 Nf4 26. Qf3 Rxd2 27. Bc1 Rd3 28. Bxd3 Nxd3 29. Rd1 Bb7 30. Qe2 Bxe4
31. Ng2 Bb7 32. Ne1 Qc6 33. f3 Nxc1 34. Rxc1 Qe6 35. b4 g6 36. Rc2 Bg7 37. Rd2 e4 38. Rd8+ Kh7 39. Nc2 Nd7 40. Nd4 Bxd4
41. cxd4 Qe7 42. Rxd7 Qxd7 43. Qe3 exf3 44. Qf2
1-0

[Event "Summer Leisure 2010: 1400-2000"]
[Site "SchemingMind.com"]
[Date "2010.08.06"]
[Round "-"]
[White "PeterLiberty"]
[Black "Eden"]
[Result "0-1"]
[WhiteCountry "USA"]
[BlackCountry "CZE"]
[WhiteElo "1508"]
[WhiteRD "57"]
[BlackElo "1530"]
[BlackRD "73"]
[GameID "256814"]

1. e4 Nc6 2. d4 d5 3. Nc3 dxe4 4. d5 Ne5 5. Bf4 f6 6. f3 exf3 7. Nxf3 Bg4 8. Be2 Bxf3 9. Bxf3 Qd6 10. Bxe5 Qxe5+
11. Qe2 Qxe2+ 12. Bxe2 g5 13. Bh5+ Kd8 14. O-O-O Bh6 15. Ne4 g4+ 16. Kb1 f5 17. Ng3 Nf6 18. Rhe1 f4 19. Nf5 Bf8 20. Bf7 h5
21. Re2 Ng8 22. Be6 Nh6 23. Nxh6 Rxh6 24. Rd4 Rf6 25. Rf2 Bh6 26. c4 f3 27. gxf3 Be3 28. Re4 Bxf2 29. fxg4 h4 30. g5 Rg6
31. Rf4 c6 32. Rf8+ Kc7 33. Rxa8 Rxg5 34. Rc8+ Kd6 35. Rg8 Rxg8 36. Bxg8 cxd5 37. Bxd5 b6 38. b3 e6 39. Bg2 Kc5 40. h3 e5
41. a3 Kd4 42. Kc2 e4 43. Kd2 e3+ 44. Ke2 Kc3 45. Bd5 Kxb3 46. c5+ Kxa3 47. c6 Bg3 48. Kxe3 b5 49. Kd3 b4 50. Kc2 a5
51. Bc4 a4 52. Bb5 b3+ 53. Kb1 Kb4 54. Be2 a3 55. Bd1 a2+ 56. Kb2 Be5+
0-1

[Event "Summer Leisure 2010: 1400-2000"]
[Site "SchemingMind.com"]
[Date "2010.08.06"]
[Round "-"]
[White "Ulf.Johanssen"]
[Black "PeterLiberty"]
[Result "1-0"]
[WhiteCountry "USA"]
[BlackCountry "USA"]
[WhiteElo "1597"]
[WhiteRD "101"]
[BlackElo "1484"]
[BlackRD "58"]
[GameID "256816"]

1. d4 Nf6 2. c4 e6 3. Nf3 b6 4. g3 Bb7 5. Bg2 Be7 6. O-O O-O 7. Nc3 Ne4 8. Qc2 Nxc3 9. Qxc3 c5 10. Rd1 d6
11. b3 Nd7 12. Bb2 Nf6 13. d5 e5 14. Nxe5 dxe5 15. d6 Bxg2 16. Qxe5 Bxd6 17. Rxd6 Re8 18. Rxd8 Raxd8 19. Qf4 Ba8 20. Bxf6 gxf6
21. Qxf6 Re6 22. Qxd8+
1-0

[Event "Summer Leisure 2010: 1400-2000"]
[Site "SchemingMind.com"]
[Date "2010.08.06"]
[Round "-"]
[White "Eden"]
[Black "PeterLiberty"]
[Result "0-1"]
[WhiteCountry "CZE"]
[BlackCountry "USA"]
[WhiteElo "1530"]
[WhiteRD "73"]
[BlackElo "1508"]
[BlackRD "57"]
[GameID "256817"]

1. c4 Nf6 2. g3 g6 3. Bg2 Bg7 4. d4 O-O 5. Qb3 c6 6. d5 Qc7 7. e4 d6 8. h3 Bd7 9. Be3 cxd5 10. exd5 Na6
11. Bg5 Rac8 12. Nd2 Nc5 13. Qe3 e6 14. Bxf6 Bxf6 15. dxe6 Bxe6 16. Rb1 b6 17. h4 d5 18. cxd5 Bg4 19. Ne2 Rce8 20. Be4 Qe5
21. f3 Bxf3 22. Nxf3 Qxe4 23. Qxe4 Nxe4 24. Rh3 Re7 25. Kf1 Rfe8 26. Nfd4 Nd2+
0-1

[Event "Summer Leisure 2010: 1400-2000"]
[Site "SchemingMind.com"]
[Date "2010.08.07"]
[Round "-"]
[White "Shaka"]
[Black "Ulf.Johanssen"]
[Result "1-0"]
[WhiteCountry "VEN"]
[BlackCountry "USA"]
[WhiteElo "1771"]
[WhiteRD "106"]
[BlackElo "1512"]
[BlackRD "98"]
[GameID "256904"]

1. e4 e5 2. Nf3 Nc6 3. Bc4 Bc5 4. c3 Nf6 5. d4 exd4 6. e5 d5 7. Bb5 Ne4 8. cxd4 Bb6 9. Qc2 Bd7 10. Be3 Nxe5
11. Bxd7+ Nxd7 12. O-O f5 13. Nbd2 O-O 14. Rac1 f4 15. Nxe4 dxe4 16. Ne5 fxe3 17. Nxd7 exf2+ 18. Kh1 Qxd7 19. Qxe4 c6 20. Rc3
1-0

[Event "Summer Leisure 2010: 1400-2000"]
[Site "SchemingMind.com"]
[Date "2010.08.07"]
[Round "-"]
[White "Shaka"]
[Black "Eden"]
[Result "1-0"]
[WhiteCountry "VEN"]
[BlackCountry "CZE"]
[WhiteElo "1771"]
[WhiteRD "106"]
[BlackElo "1623"]
[BlackRD "73"]
[GameID "256905"]

1. e4 e5 2. Nf3 Nc6 3. Bc4 Bc5 4. b4 Bxb4 5. c3 Bc5 6. O-O g5 7. d4 Na5 8. Bxf7+ Kxf7 9. Nxe5+ Kg7 10. Qh5 Qf6
11. Bxg5 Qe6 12. dxc5 Qxe5 13. Qg4 Qe6 14. Qg3 c6 15. Nd2 b6 16. e5 Kf7 17. Ne4 h6 18. Nd6+ Kf8 19. Bd8 Ba6 20. Qf4+ Kg7
21. Rfe1 Rxd8 22. Re3 Ne7 23. Rg3+ Ng6 24. h4 h5 25. Rd1 Rdf8 26. Qg5 Be2 27. Rd4 Rh6 28. Ne4 Nc4 29. f4 Rxf4 30. Kh2 Kh7
31. Qd8 Rxh4+ 32. Kg1 Ncxe5 33. Rd6 Qf5 34. Nf6+ Kg7 35. Qg8#
1-0

[Event "Summer Leisure 2010: 1400-2000"]
[Site "SchemingMind.com"]
[Date "2010.08.07"]
[Round "-"]
[White "Shaka"]
[Black "PeterLiberty"]
[Result "1-0"]
[WhiteCountry "VEN"]
[BlackCountry "USA"]
[WhiteElo "1771"]
[WhiteRD "106"]
[BlackElo "1534"]
[BlackRD "65"]
[GameID "256907"]

1. e4 c5 2. Nf3 d6 3. d4 cxd4 4. Nxd4 Nf6 5. Nc3 g6 6. Be2 Bg7 7. Be3 O-O 8. O-O Nc6 9. f4 Qb6 10. Qd2 Nxd4
11. Bxd4 Qc7 12. h3 e6 13. Rad1 b6 14. Bf3 e5 15. fxe5 dxe5 16. Be3 Bb7 17. Bh6 Rad8 18. Qc1 Rxd1 19. Rxd1 Rd8 20. Bxg7 Kxg7
21. Rxd8 Qxd8 22. Qg5 Qd6 23. a3 Qc5+ 24. Kh2 h6 25. Qd2 a6 26. Qd8 b5 27. Qb8 Qc6 28. Qxe5 Qe6 29. Qd4 Kh7 30. Nd5 Nxd5
31. exd5 Qd6+ 32. Kg1 f5 33. Qa7 Qd7 34. d6 Kg7 35. Qxb7 Qxb7 36. Bxb7 a5 37. d7
1-0

[Event "Summer Leisure 2010: 1400-2000"]
[Site "SchemingMind.com"]
[Date "2010.08.07"]
[Round "-"]
[White "Ulf.Johanssen"]
[Black "Shaka"]
[Result "0-1"]
[WhiteCountry "USA"]
[BlackCountry "VEN"]
[WhiteElo "1512"]
[WhiteRD "98"]
[BlackElo "1771"]
[BlackRD "106"]
[GameID "256908"]

1. d4 Nf6 2. c4 c5 3. d5 b5 4. Nf3 g6 5. cxb5 a6 6. b6 Qxb6 7. Nc3 Bg7 8. e4 d6 9. a4 Bg4 10. a5 Qb7
11. Qa4+ Nbd7 12. Nd2 g5 13. Nc4 h6 14. h4 gxh4 15. Rxh4 Bh5 16. Nb6 Bg6 17. Nxa8 Qxa8 18. Be2 O-O 19. Qc4 Ne5 20. Qxa6 Qb8
21. Qb6 Qc8 22. a6 Ned7
0-1

[Event "Summer Leisure 2010: 1400-2000"]
[Site "SchemingMind.com"]
[Date "2010.08.07"]
[Round "-"]
[White "Eden"]
[Black "Shaka"]
[Result "0-1"]
[WhiteCountry "CZE"]
[BlackCountry "VEN"]
[WhiteElo "1664"]
[WhiteRD "74"]
[BlackElo "1871"]
[BlackRD "83"]
[GameID "256909"]

1. c4 Nf6 2. d4 c5 3. g3 g6 4. Nf3 Bg7 5. Nc3 O-O 6. Bf4 d6 7. Bg5 Bg4 8. Bg2 Nbd7 9. e3 h6 10. h3 Bxf3
11. Qxf3 Rb8 12. Bxf6 Bxf6 13. O-O-O a6 14. h4 b5 15. b3 bxc4 16. bxc4 Qa5 17. Kc2 Qa3 18. Rb1 Rb4 19. Rb3 Rxb3 20. axb3 Rb8
21. Rb1 cxd4 22. exd4 Bxd4 23. Qg4 Bxc3 24. Kxc3 Nc5 25. Qd1 a5 26. Kd2 Qa2+ 27. Qc2 Nxb3+ 28. Kc3 Qxc2+ 29. Kxc2 a4 30. Kc3 Rb6
31. Bd5 Kg7 32. c5 dxc5 33. Bxb3 Rxb3+ 34. Rxb3 axb3 35. Kxb3 Kf6 36. Kc4 Ke5 37. Kxc5 f5 38. Kc4 Ke4 39. Kc5 Kf3 40. Kd5 Kxf2
41. Ke6 Kxg3 42. Kxe7 f4 43. Kf6 f3 44. Kxg6 Kxh4 45. Kxh6 f2
0-1

[Event "Summer Leisure 2010: 1400-2000"]
[Site "SchemingMind.com"]
[Date "2010.08.07"]
[Round "-"]
[White "PeterLiberty"]
[Black "Shaka"]
[Result "0-1"]
[WhiteCountry "USA"]
[BlackCountry "VEN"]
[WhiteElo "1528"]
[WhiteRD "63"]
[BlackElo "1683"]
[BlackRD "120"]
[GameID "256911"]

1. e4 e5 2. Nf3 Nc6 3. Bb5 a6 4. Ba4 Nf6 5. O-O b5 6. Bb3 Bb7 7. Re1 Na5 8. d3 c5 9. c3 Bd6 10. Bg5 h6
11. Bh4 O-O 12. Bc2 Qb6 13. Bxf6 gxf6 14. Nbd2 Kh7 15. a3 Rg8 16. b4 Nc6 17. Nh4 Bc7 18. Qf3 Ne7 19. Bb3 cxb4 20. cxb4 Rg7
21. Nf5 Nxf5 22. Qxf5+ Kh8 23. Qxd7 Rag8 24. g3 Bc8 25. Qd5 Bd6 26. Nc4 bxc4 27. Qxc4 Bh3 28. Re2 Rc8 29. Qd5 h5 30. Kh1 h4
31. Rg1 Bg4 32. Rge1 Bxe2 33. Rxe2 h3 34. f4 exf4 35. e5 Rc1+
0-1

[Event "Summer Leisure 2010: 1400-2000"]
[Site "SchemingMind.com"]
[Date "2010.08.07"]
[Round "-"]
[White "mmccaffe"]
[Black "Shaka"]
[Result "1/2-1/2"]
[WhiteCountry "USA"]
[BlackCountry "VEN"]
[WhiteElo "1770"]
[WhiteRD "63"]
[BlackElo "1871"]
[BlackRD "83"]
[GameID "256945"]

1. c4 Nf6 2. Nc3 g6 3. g3 Bg7 4. Bg2 O-O 5. d4 c5 6. d5 d6 7. e4 Bg4 8. Qb3 Qc8 9. f3 Bd7 10. Nge2 Bh3
11. Bxh3 Qxh3 12. Qxb7 Qg2 13. Rg1 Qxf3 14. Qxa8 Ng4 15. Qxa7 Qf2+ 16. Kd1 Qf3 17. h3 Nf2+ 18. Ke1 Nxh3 19. Rf1 Qd3 20. Qa4 Rd8
21. Qd1 Qxc4 22. Bd2 Nd7 23. Rc1 Ne5 24. Bf4 Nd3+ 25. Kd2 Rb8 26. b3 Qa6 27. Ke3 Nxc1 28. Qxc1 g5 29. Rh1 gxf4+ 30. gxf4 Qc8
31. Qf1 Nxf4 32. Qxf4 Rb4 33. Ng3 Bxc3 34. Qh6 Qg4 35. Qxh7+=
1/2-1/2

[Event "Summer Leisure 2010: 1400-2000"]
[Site "SchemingMind.com"]
[Date "2010.08.07"]
[Round "-"]
[White "mmccaffe"]
[Black "Ulf.Johanssen"]
[Result "1-0"]
[WhiteCountry "USA"]
[BlackCountry "USA"]
[WhiteElo "1726"]
[WhiteRD "62"]
[BlackElo "1478"]
[BlackRD "97"]
[GameID "256946"]

1. c4 Nf6 2. Nc3 e5 3. g3 Nc6 4. Bg2 Bb4 5. Qc2 O-O 6. a3 Bxc3 7. Qxc3 e4 8. e3 d5 9. b4 Re8 10. Bb2 Ne5
11. Ne2 Nd3+ 12. Kf1 dxc4 13. h3 b5 14. g4 h6 15. Nf4 Nxb2 16. Qxb2 Bb7 17. a4 c6 18. Qd4 Qxd4 19. exd4 a5 20. axb5 axb4
21. Rb1 b3 22. bxc6 Bxc6 23. Ke2
1-0

[Event "Summer Leisure 2010: 1400-2000"]
[Site "SchemingMind.com"]
[Date "2010.08.07"]
[Round "-"]
[White "mmccaffe"]
[Black "Eden"]
[Result "1-0"]
[WhiteCountry "USA"]
[BlackCountry "CZE"]
[WhiteElo "1784"]
[WhiteRD "63"]
[BlackElo "1530"]
[BlackRD "73"]
[GameID "256947"]

1. c4 e5 2. Nc3 Qf6 3. g3 b6 4. Bg2 c6 5. e3 Bb7 6. Nge2 h5 7. b3 Na6 8. Bb2 Nh6 9. h3 Nb4 10. d4 exd4
11. Nxd4 d5 12. a3 Na6 13. cxd5 c5 14. Nc2 O-O-O 15. Qxh5 g6 16. Qf3 Bg7 17. Qxf6 Bxf6 18. O-O-O Bxc3 19. Bxc3 Rhe8 20. e4 f5
21. f3 Rd6 22. b4 Nf7 23. h4 fxe4 24. fxe4 Ne5 25. h5 gxh5 26. Rxh5 Nc4 27. Bh3+ Kc7 28. Rh7+ Kb8 29. Rf1 Nc7 30. Rff7 Bc8
31. Bf1 Ne5 32. Bxe5 Rxe5 33. Rxc7 Rxe4 34. Rcg7 cxb4 35. Nxb4 Re1+ 36. Kd2 Rxf1 37. Nc6+ Rxc6 38. dxc6 Rf8 39. Rxa7 b5 40. Ra5
1-0

[Event "Summer Leisure 2010: 1400-2000"]
[Site "SchemingMind.com"]
[Date "2010.08.08"]
[Round "-"]
[White "mmccaffe"]
[Black "PeterLiberty"]
[Result "1-0"]
[WhiteCountry "USA"]
[BlackCountry "USA"]
[WhiteElo "1709"]
[WhiteRD "60"]
[BlackElo "1534"]
[BlackRD "65"]
[GameID "256949"]

1. c4 e5 2. Nc3 Nf6 3. g3 Bb4 4. Qb3 Bxc3 5. Qxc3 Nc6 6. Bg2 d5 7. cxd5 Nxd5 8. Qb3 Nb6 9. e3 O-O 10. Ne2 Be6
11. Qc2 Bd5 12. O-O Bxg2 13. Kxg2 Qd5+ 14. e4 Qd6 15. b3 Nb4 16. Qc3 Nd3 17. Bb2 Nxb2 18. Qxb2 Rad8 19. Rad1 f5 20. exf5 Rxf5
21. d4 exd4 22. Nxd4 Qd5+ 23. Kg1 Re5 24. Ne2 Qxd1 25. Rxd1 Rxd1+ 26. Kg2 Re7 27. b4 Red7 28. Qe5 Rf7 29. Qe8+ Rf8 30. Qe3 Nc4
31. Qe6+ Kh8 32. Qxc4 c6 33. b5 cxb5 34. Qxb5 b6 35. Qb4 Rdd8 36. Nd4 Rf6 37. Qe7 Rff8 38. Ne6 Rg8 39. Nxd8 h6 40. Nf7+ Kh7
41. Qxa7 b5 42. Qb7 Rf8 43. Nd6
1-0

[Event "Summer Leisure 2010: 1400-2000"]
[Site "SchemingMind.com"]
[Date "2010.08.08"]
[Round "-"]
[White "Shaka"]
[Black "mmccaffe"]
[Result "1-0"]
[WhiteCountry "VEN"]
[BlackCountry "USA"]
[WhiteElo "1866"]
[WhiteRD "95"]
[BlackElo "1726"]
[BlackRD "62"]
[GameID "256950"]

1. e4 c5 2. Nf3 d6 3. d4 cxd4 4. Nxd4 Nf6 5. Nc3 g6 6. Be2 Bg7 7. O-O O-O 8. f4 Nc6 9. Nb3 Bd7 10. Be3 Na5
11. Qe1 Nxb3 12. axb3 a6 13. Qh4 Rc8 14. Bd3 Qc7 15. f5 Bc6 16. Bh6 Qb6+ 17. Kh1 Qb4 18. fxg6 fxg6 19. Bc4+ Kh8 20. Rf3 d5
21. exd5 Bxd5 22. Nxd5 Nxd5 23. Bxg7+ Kxg7 24. Rh3 Nf6 25. Qh6+ Kh8 26. Qxg6 Qd2 27. Bd3 h5 28. Rxh5+
1-0

[Event "Summer Leisure 2010: 1400-2000"]
[Site "SchemingMind.com"]
[Date "2010.08.08"]
[Round "-"]
[White "Ulf.Johanssen"]
[Black "mmccaffe"]
[Result "0-1"]
[WhiteCountry "USA"]
[BlackCountry "USA"]
[WhiteElo "1512"]
[WhiteRD "98"]
[BlackElo "1709"]
[BlackRD "60"]
[GameID "256951"]

1. d4 Nf6 2. c4 g6 3. Nc3 Bg7 4. e4 d6 5. Nf3 O-O 6. Be2 c6 7. O-O Nbd7 8. Qc2 Qc7 9. Rd1 e5 10. d5 c5
11. Ne1 a6 12. Nd3 Rb8 13. a4 Ne8 14. Bg5 h6
0-1

[Event "Summer Leisure 2010: 1400-2000"]
[Site "SchemingMind.com"]
[Date "2010.08.07"]
[Round "-"]
[White "Eden"]
[Black "mmccaffe"]
[Result "1-0"]
[WhiteCountry "CZE"]
[BlackCountry "USA"]
[WhiteElo "1548"]
[WhiteRD "78"]
[BlackElo "1744"]
[BlackRD "59"]
[GameID "256952"]

1. c4 Nf6 2. g3 g6 3. d4 Bg7 4. Bg2 O-O 5. e3 d6 6. Qb3 c6 7. Nf3 Nbd7 8. Nc3 Qc7 9. Ng5 h6 10. Nge4 Nxe4
11. Bxe4 Nf6 12. h4 Nxe4 13. Nxe4 Bd7 14. h5 g5 15. f4 Bf5 16. Qd3 d5 17. cxd5 cxd5 18. Nf6+ Bxf6 19. Qxf5 Qa5+ 20. Bd2 Qb5
21. b3 Rac8 22. Kf2 Rc2 23. Qxc2
1-0

[Event "Summer Leisure 2010: 1400-2000"]
[Site "SchemingMind.com"]
[Date "2010.08.08"]
[Round "-"]
[White "PeterLiberty"]
[Black "mmccaffe"]
[Result "0-1"]
[WhiteCountry "USA"]
[BlackCountry "USA"]
[WhiteElo "1476"]
[WhiteRD "61"]
[BlackElo "1704"]
[BlackRD "55"]
[GameID "256954"]

1. e4 c5 2. Nf3 d6 3. d4 cxd4 4. Nxd4 Nf6 5. Nc3 g6 6. Be3 Bg7 7. f3 O-O 8. Qd2 Nc6 9. O-O-O Nxd4 10. Bxd4 a6
11. g4 Bd7 12. h4 Rc8 13. Bg2 b5 14. g5 Nh5 15. Bxg7 Nxg7 16. f4 Qa5 17. e5 b4 18. Qd5 Qc7 19. Rd3 bxc3 20. Rxc3 Qb6
21. Rxc8 Rxc8 22. exd6 Qxd6 23. Qxd6 exd6 24. Rd1 Nf5 25. Bb7 Rc7 26. Be4 Be6 27. b3 Nxh4 28. Bh1 Nf5 29. c4 Ne3 30. Re1 Nxc4
31. bxc4 Rxc4+ 32. Kb2 Rxf4 33. Re2 Rg4 34. Rg2 Rxg2+ 35. Bxg2 Kg7 36. a3 f6 37. gxf6+ Kxf6
0-1

[Event "Summer Leisure 2010: 1400-2000"]
[Site "SchemingMind.com"]
[Date "2010.08.07"]
[Round "-"]
[White "abdre1"]
[Black "Shaka"]
[Result "1-0"]
[WhiteCountry "USA"]
[BlackCountry "VEN"]
[WhiteElo "1785"]
[WhiteRD "101"]
[BlackElo "1778"]
[BlackRD "75"]
[GameID "256955"]

1. d4 Nf6 2. c4 c5 3. d5 b5 4. Qc2 g6 5. e4 d6 6. Nf3 Bg7 7. e5 dxe5 8. Nxe5 O-O 9. h3 Bf5 10. Bd3 Bxd3
11. Qxd3 bxc4 12. Qxc4 Nbd7 13. Nc6 Qc7 14. Bf4 e5 15. Be3 Nb6 16. d6 Qxc6 17. Qf1 Qxd6 18. Nc3 Rfd8 19. Qe2 Rab8 20. b3 Nbd5
21. Nxd5 Qxd5 22. O-O e4 23. Rac1 Nd7 24. Bf4 Rbc8 25. Rfd1 Qe6 26. Be3 Ne5 27. Rxd8+ Rxd8 28. Rxc5 Nd3 29. Rc4 f5 30. Bxa7 Ra8
31. Be3 Nb2 32. Rc1 Rxa2 33. b4 Nd3 34. Rc8+ Qxc8 35. Qxa2+ Kf8 36. b5 Qb7 37. Qa6 Qc7 38. Qa8+ Ke7 39. b6 Qc2 40. Qa7+ Kd6
41. Qxg7 Qb1+ 42. Kh2 f4 43. Qd4+ Kc6 44. Qxe4+
1-0

[Event "Summer Leisure 2010: 1400-2000"]
[Site "SchemingMind.com"]
[Date "2010.08.07"]
[Round "-"]
[White "abdre1"]
[Black "Ulf.Johanssen"]
[Result "1-0"]
[WhiteCountry "USA"]
[BlackCountry "USA"]
[WhiteElo "1746"]
[WhiteRD "106"]
[BlackElo "1512"]
[BlackRD "98"]
[GameID "256956"]

1. d4 Nf6 2. c4 e6 3. Nf3 b6 4. a3 Ba6 5. e3 d5 6. Nc3 Be7 7. Be2 dxc4 8. b3 cxb3 9. Qxb3 Bxe2 10. Nxe2 Nbd7
11. Bb2 c5 12. Rc1 Rc8 13. O-O O-O 14. Rfd1 cxd4 15. Bxd4 Rxc1 16. Nxc1 Qc7 17. Nd3 Rc8 18. g3
1-0

[Event "Summer Leisure 2010: 1400-2000"]
[Site "SchemingMind.com"]
[Date "2010.08.08"]
[Round "-"]
[White "abdre1"]
[Black "mmccaffe"]
[Result "1/2-1/2"]
[WhiteCountry "USA"]
[BlackCountry "USA"]
[WhiteElo "1734"]
[WhiteRD "103"]
[BlackElo "1726"]
[BlackRD "62"]
[GameID "256957"]

1. d4 Nf6 2. c4 g6 3. Nf3 Bg7 4. Nc3 O-O 5. e4 d6 6. Be2 c6 7. O-O Nbd7 8. d5 cxd5 9. cxd5 a6 10. h3 Nc5
11. Qc2 Qa5 12. a3 Qd8 13. Be3 Bd7 14. Rad1 Rc8 15. Bxc5 Rxc5 16. e5 dxe5 17. Nxe5 Ne8 18. Nxd7 Qxd7 19. Qa4 b5 20. Qxa6 Nd6
21. a4 b4 22. Nb5 Bxb2 23. Rb1 Bc3 24. Nxc3 bxc3=
1/2-1/2

[Event "Summer Leisure 2010: 1400-2000"]
[Site "SchemingMind.com"]
[Date "2010.08.07"]
[Round "-"]
[White "abdre1"]
[Black "Eden"]
[Result "1/2-1/2"]
[WhiteCountry "USA"]
[BlackCountry "CZE"]
[WhiteElo "1734"]
[WhiteRD "103"]
[BlackElo "1631"]
[BlackRD "74"]
[GameID "256958"]

1. d4 e6 2. c4 c5 3. e3 Nc6 4. Nf3 d5 5. Be2 g5 6. Nc3 f5 7. e4 dxe4 8. Bxg5 Nf6 9. Ne5 cxd4 10. Bh5+ Ke7
11. Bxf6+ Kxf6 12. Nf7 Qd7 13. Nxh8 dxc3 14. b3 Qg7 15. O-O Qxh8 16. Qc2 Kg5 17. Be8 Nd4 18. Qc1+ f4 19. Re1 Kf5 20. Qd1 f3
21. Bh5 Qg7 22. g3 e5 23. g4+ Kf6 24. Rxe4 Bf5 25. Rxd4 exd4 26. Qxd4+ Kg5 27. Qe3+ Kh4 28. h3 Bg6 29. Bxg6 Qxg6 30. Qxf3 c2
31. a3 Qg7 32. Rc1 Qb2 33. Qg3+ Kg5 34. h4+ Kg6 35. Qd3+ Kg7 36. Rxc2 Qa1+ 37. Kg2 Qxa3 38. Qd4+ Kg6 39. Qe4+ Kh6 40. Qf4+ Kg7
41. Qe5+ Kf7 42. Qd5+ Kf6 43. Qd4+ Kg6 44. Qe4+ Kh6 45. Qf4+=
1/2-1/2

[Event "Summer Leisure 2010: 1400-2000"]
[Site "SchemingMind.com"]
[Date "2010.08.07"]
[Round "-"]
[White "abdre1"]
[Black "PeterLiberty"]
[Result "1-0"]
[WhiteCountry "USA"]
[BlackCountry "USA"]
[WhiteElo "1707"]
[WhiteRD "109"]
[BlackElo "1528"]
[BlackRD "63"]
[GameID "256960"]

1. d4 Nf6 2. c4 e6 3. Nf3 b6 4. a3 Bb7 5. e3 Be7 6. Be2 O-O 7. Nc3 d6 8. O-O Nbd7 9. e4 Nxe4 10. Be3 d5
11. cxd5 exd5 12. Qb3 Nxc3 13. bxc3 Nf6 14. Ng5 c6 15. Rac1 Rb8 16. Bf3 c5 17. a4 h6 18. Nh3 Re8 19. Nf4 a6 20. dxc5 Bxc5
21. Bxc5 bxc5 22. c4 Ba8 23. Qd3 dxc4 24. Qxc4 Bxf3 25. gxf3 Rb4 26. Qxa6 g5 27. Ng2 Kg7 28. Rfd1 Rd4 29. Rxd4 cxd4 30. Qb5 d3
31. h3 d2 32. Rd1 Re7 33. Qb4 Rd7 34. Ne3 Qc8 35. Nf5+ Kg8 36. Ne7+ Rxe7 37. Qxe7 Qc1 38. Qe2 Qc2 39. a5 Nd5 40. Qxd2 Qxd2
41. Rxd2 Nb4 42. Rd6
1-0

[Event "Summer Leisure 2010: 1400-2000"]
[Site "SchemingMind.com"]
[Date "2010.08.08"]
[Round "-"]
[White "Shaka"]
[Black "abdre1"]
[Result "1-0"]
[WhiteCountry "VEN"]
[BlackCountry "USA"]
[WhiteElo "1778"]
[WhiteRD "75"]
[BlackElo "1785"]
[BlackRD "101"]
[GameID "256961"]

1. e4 d5 2. exd5 Qxd5 3. Nc3 Qd6 4. Nf3 e5 5. d4 Nc6 6. d5 Nce7 7. Bg5 b6 8. Bb5+ Bd7 9. Bxd7+ Kxd7 10. O-O f6
11. Be3 c6 12. dxc6+ Nxc6 13. Qe2 Ke6 14. Qc4+ Ke7 15. Rad1 Na5 16. Qb5 Qc6 17. Nd5+ Kf7 18. Qxc6 Nxc6 19. a3 Bc5 20. Nc7 Rd8
21. Bxc5 bxc5 22. Rxd8 Nxd8 23. Rd1 Ne7 24. Rd7 Ne6 25. Nxe6 Kxe6 26. Rxa7 Rd8 27. Kf1 g5 28. h3 h6 29. Ke2 Nd5 30. Ra6+ Rd6
31. Rxd6+ Kxd6 32. g3 c4 33. Nd2 Kc5 34. Ne4+ Kd4 35. f3 c3 36. bxc3+ Nxc3+ 37. Nxc3 Kxc3 38. g4 Kd4 39. a4 e4 40. a5 Ke5
41. a6 Kf4 42. a7 exf3+ 43. Kf2 f5 44. gxf5 Kxf5 45. a8=Q g4 46. hxg4+ Kxg4 47. Qxf3+ Kg5 48. c4 h5 49. c5 h4 50. c6 h3
51. c7 h2 52. c8=Q h1=Q 53. Qg8+ Kh4 54. Qfg4#
1-0

[Event "Summer Leisure 2010: 1400-2000"]
[Site "SchemingMind.com"]
[Date "2010.08.08"]
[Round "-"]
[White "Ulf.Johanssen"]
[Black "abdre1"]
[Result "0-1"]
[WhiteCountry "USA"]
[BlackCountry "USA"]
[WhiteElo "1512"]
[WhiteRD "98"]
[BlackElo "1746"]
[BlackRD "106"]
[GameID "256962"]

1. d4 f5 2. c4 e6 3. g3 Nf6 4. Bg2 Be7 5. Nf3 d5 6. O-O b6 7. cxd5 exd5 8. Bf4 Bb7 9. Qc2 Bd6 10. Qxf5 Bxf4
11. Qxf4 Nc6 12. Nc3 Qe7 13. Nb5 O-O-O 14. Ne5 Nxe5 15. dxe5 Nd7 16. Rac1 Nc5 17. b4 Rhf8 18. Qg4+ Kb8 19. bxc5 c6 20. Qd4 Rf5
0-1